000
00337nam a2200145 4500
999
_c
7820
_d
7820
003
OSt
005
20200522125853.0
008
200522b ||||| |||| 00| 0 eng d
020
_a
9781864701579
082
_a
720.949D'HE
100
_a
D'Helft, Brigitte
245
_a
A2RC architects
260
_a
Images Publishing Dist Ac
942
_2
ddc